Дикий талант: фантастический роман
| Hovedforfatter: | |
|---|---|
| Andre forfattere: | |
| Summary: | Итак, действующие лица: Паук Дакота, беспамятный убийца, покрытый татуировками с головы до ног. На первый взгляд и не скажешь, что этот варвар заложил дьяволу душу — причем, кажется, уже в седьмой раз... или в восьмой?Ришье Лисий Хвост из рода колдунов и оборотней. Молодой аристократ с блестящими рекомендациями: бродяжничество, актерство, служба в наемниках. Ах да, еще он ненавидит големов. Ну с кем не бывает. Кастор ди Тулл, последний из рыцарей ордена экзекуторов. Умен, смел, честен, бывший пират. Отвратительно обращается с женщинами. Рыцаря можно понять — из-за женщины убили всех его братьев по ордену. Теперь осталось только выяснить, кому из них достанется Дикий Талант и почему они до сих пор живы. Ну, по крайней мере, жив хоть кто-то из них. |
| Sprog: | russisk |
| Udgivet: |
Москва, Альфа-книга, 2009
|
| Serier: | Фантастический боевик |
| Fag: | |
| Format: | Bog |
| KOHA link: | https://koha.lib.tpu.ru/cgi-bin/koha/opac-detail.pl?biblionumber=172478 |
MARC
| LEADER | 00000nam0a2200000 4500 | ||
|---|---|---|---|
| 001 | 172478 | ||
| 005 | 20231031164302.0 | ||
| 010 | |a 9785992203974 | ||
| 035 | |a (RuTPU)RU\TPU\book\187043 | ||
| 090 | |a 172478 | ||
| 100 | |a 20091214d2009 m y0rusy50 ca | ||
| 101 | 0 | |a rus | |
| 102 | |a RU | ||
| 105 | |a y z 000ay | ||
| 200 | 1 | |a Дикий талант |e фантастический роман |f Ш. Врочек, В. В. Обедин | |
| 210 | |a Москва |c Альфа-книга |d 2009 | ||
| 215 | |a 313 с. | ||
| 225 | 1 | |a Фантастический боевик | |
| 330 | |a Итак, действующие лица: Паук Дакота, беспамятный убийца, покрытый татуировками с головы до ног. На первый взгляд и не скажешь, что этот варвар заложил дьяволу душу — причем, кажется, уже в седьмой раз... или в восьмой?Ришье Лисий Хвост из рода колдунов и оборотней. Молодой аристократ с блестящими рекомендациями: бродяжничество, актерство, служба в наемниках. Ах да, еще он ненавидит големов. Ну с кем не бывает. Кастор ди Тулл, последний из рыцарей ордена экзекуторов. Умен, смел, честен, бывший пират. Отвратительно обращается с женщинами. Рыцаря можно понять — из-за женщины убили всех его братьев по ордену. Теперь осталось только выяснить, кому из них достанется Дикий Талант и почему они до сих пор живы. Ну, по крайней мере, жив хоть кто-то из них. | ||
| 610 | 1 | |a русская литература | |
| 610 | 1 | |a романы | |
| 610 | 1 | |a фантастика | |
| 610 | 1 | |a боевики | |
| 675 | |a Р2 |v 3 | ||
| 700 | 1 | |a Врочек |b Ш. |g Шимун | |
| 701 | 1 | |a Обедин |b В. В. |g Виталий Валерьевич | |
| 801 | 1 | |a RU |b 63413507 |c 20091214 | |
| 801 | 2 | |a RU |b 63413507 |c 20100125 |g RCR | |
| 942 | |c BK | ||